00778cam a2200241 i 45000010008000000030006000080050017000140080041000310100013000720200015000850200018001000350019001180400051001370500021001880820019002091000044002282450088002722600039003603000020003995040029004196300040004487000048004883845580OCoLC20181115190207.0780407s1978 nju bd 000 0 eng  a78007564 a0800709306 a9780800709303 a(OCoLC)3845580 aDLCbengcDLCdBTCTAdOCLCGdOCLCOdOCLCAdOH600aBS440b.V75 197800aREF 221bV782E1 aVine, W. E.q(William Edwy),d1873-194913aAn expository dictionary of Old Testament words /cW.E. Vine ; edited by F.F. Bruce aOld Tappan, N.J. :bRevell,cc1978 a176 p. ;c23 cm aBibliography: p. 169-17600aBible.pOld TestamentvDictionaries1 aBruce, F. F.q(Frederick Fyvie),d1910-1990